[Event "Regionalliga SO9798"]
[Site "Bayern"]
[Date "1998.??.??"]
[Round "?"]
[White "Reischl, Markus"]
[Black "Doerfler, Guenther"]
[Result "1/2-1/2"]
[WhiteElo "2025"]
[BlackElo "2045"]

1.d4 d5 2.c4 c6 3.Nf3 Nf6 4.Nc3 dxc4 5.a4 Bf5 6.e3 e6 7.Bxc4 Bb4 8.O-O O-O
9.Qb3 Qe7 10.Bd2 c5 11.Ne2 Nc6 12.Bxb4 cxb4 13.Bd3 Na5 14.Qd1 Bxd3 15.Qxd3 Rfc8
16.Rac1 Qe8 17.b3 Nd5 18.Ng5 Nf6 19.e4 h6 20.Nf3 Rxc1 21.Rxc1 Rc8 22.Rc2 Rxc2
23.Qxc2 Qc6 24.Qxc6 bxc6 25.Nd2 Nd7 26.f3 c5 27.dxc5 Nxc5 28.Nc1 e5 29.Kf2 Kf8
30.Ke3 Ke7 31.Nd3 Naxb3 32.Nxb3 Nxb3 33.Nxb4 Nc5 34.Nc6+ Kd6 35.Nxa7 Nxa4  1/2-1/2

[Event "Landesliga Nord9798"]
[Site "Bayern"]
[Date "1998.??.??"]
[Round "?"]
[White "Petzold, Vinzenz"]
[Black "Schulze, Harald"]
[Result "1/2-1/2"]
[WhiteElo "2045"]
[BlackElo "2115"]

1.d4 d5 2.c4 c6 3.Nf3 Nf6 4.Nc3 dxc4 5.a4 Bf5 6.Ne5 Nbd7 7.Nxc4 e6 8.f3 h6
9.e4 Bh7 10.Be3 Bb4 11.Be2 O-O 12.O-O Nb6 13.Ne5 Rc8 14.Qb3 Bxc3 15.bxc3 Rc7
16.Nd3 Nc8 17.Bf4 Re7 18.a5 g5 19.Be3 Kg7 20.g4 b6 21.Ne5 Rc7 22.axb6 axb6
23.Ra8 Nd7 24.Ba6 f6 25.Nxd7 Qxd7 26.Rxc8 Rcxc8 27.Bxc8 Qxc8 28.Qxb6 f5 29.Qa5 Qb8
30.gxf5 exf5 31.e5 f4 32.Bf2 Bg8 33.Qc5 Bd5 34.e6 Re8 35.Re1 Rxe6 36.Rxe6 Bxe6
37.Qe7+ Bf7 38.d5 c5 39.Qxc5 Qb1+ 40.Kg2 Qf5 41.d6 Qxc5 42.Bxc5  1/2-1/2

[Event "Regionalliga NW9798"]
[Site "Bayern"]
[Date "1998.??.??"]
[Round "?"]
[White "Schmid, Michael2"]
[Black "Wittstock, Bjoern"]
[Result "0-1"]
[WhiteElo "1880"]
[BlackElo "1695"]

1.d4 d5 2.Nf3 Nf6 3.c4 c6 4.Nc3 dxc4 5.a4 Bf5 6.e3 e6 7.Bxc4 Bb4 8.O-O O-O
9.Ne2 c5 10.Ng3 Bg6 11.Qe2 Nc6 12.Rd1 Qe7 13.e4 Nxd4 14.Nxd4 cxd4 15.e5 Nd7
16.Rxd4 Nb6 17.Bb3 Rfd8 18.Rg4 h6 19.h4 Kh8 20.h5 Bh7 21.Ne4 Bf5 22.Rf4 Nd5
23.Bxd5 Rxd5 24.Ng3 Rad8 25.Be3 Rxe5 26.Nxf5 Rxf5 27.Rxf5 exf5 28.Qb5 Qe4
29.Bxa7 Rd2 30.b3 Bd6 31.Be3 Rd5 32.Qb6 Qe5 33.Re1 Qh2+ 34.Kf1 Qh1+ 35.Ke2 Qxg2
36.Bd4 Qe4+  0-1

[Event "Regionalliga SO9798"]
[Site "Bayern"]
[Date "1998.??.??"]
[Round "?"]
[White "Bielmeier, Ludwig"]
[Black "Bensch, Patrick"]
[Result "1/2-1/2"]
[WhiteElo "2100"]
[BlackElo "2110"]

1.d4 Nf6 2.Nf3 d5 3.c4 c6 4.Nc3 dxc4 5.a4 Bf5 6.Ne5 Nbd7 7.Nxc4 Nb6 8.Ne5 a5
9.f3 Nfd7 10.Nxd7 Nxd7 11.e4 Bg6 12.Qb3 Qc7 13.Be3 e6 14.Rc1 Bb4 15.Be2 O-O
16.O-O Rad8 17.Kh1 Qb8 18.Bg5 Rde8 19.Be3 Kh8 20.Rcd1 f5 21.Bd3 f4 22.Bf2 e5
23.Na2 Bd6 24.Qc3 Qc7 25.d5 cxd5 26.Qxc7 Bxc7 27.Bb5 Rd8 28.exd5 Bd6 29.Be1 Nc5
30.Bxa5 Ra8 31.Bb4 Rfd8 32.Bxc5 Bxc5 33.Rc1 Be3 34.Rc7 Rxd5 35.Rxb7 Rd2 36.Nb4 Rxb2
37.Nc6 e4 38.Ne7 exf3 39.Nxg6+ hxg6 40.gxf3 Rc8 41.Bc6 Ra2 42.Be4 Kh7 43.Rd1 Rc5
44.Rb5 Rxa4 45.Rxc5 Bxc5 46.Kg2 Kh6 47.h4 Be7 48.Kh3 g5 49.Kg4 gxh4 50.Rd7 Bf6
51.Rf7 Ra6 52.Rf8 g6 53.Kxf4 Kg7 54.Rc8  1/2-1/2

[Event "Landesliga Nord 9899"]
[Site "Bayern"]
[Date "1998.??.??"]
[Round "?"]
[White "Reis, Gerhard"]
[Black "Krauseneck, Peter"]
[Result "1-0"]
[WhiteElo "2230"]
[BlackElo "2140"]

1.Nf3 d5 2.d4 c6 3.c4 Nf6 4.Nc3 dxc4 5.a4 Bf5 6.Ne5 e6 7.f3 h6 8.e4 Bh7 9.Bxc4 Bb4
10.O-O O-O 11.Be3 Nfd7 12.Nxd7 Qxd7 13.a5 Qc7 14.Qa4 Bd6 15.f4 Nd7 16.Rac1 Rfd8
17.e5 Bf8 18.b4 a6 19.Qb3 b6 20.d5 b5 21.Be2 Nxe5 22.Bb6 Qd6 23.fxe5 Qxe5
24.Bf3 cxd5 25.Rfe1 Qf4 26.Bxd8 Qd4+ 27.Kh1 Rxd8 28.Na2 Bd6 29.g3 Qf6 30.Rf1 Qg5
31.Bg2 d4 32.Qf3 f6 33.Rc6 d3 34.Rd1 d2 35.Qf2  1-0

[Event "Berliner Sommer 16th"]
[Site "Berlin"]
[Date "1998.??.??"]
[Round "4"]
[White "Zschaebitz, Klaus"]
[Black "Ferguson, Mark"]
[Result "0-1"]
[WhiteElo "2200"]
[BlackElo "2410"]

1.d4 d5 2.Nf3 Nf6 3.c4 c6 4.Nc3 dxc4 5.a4 Bf5 6.Ne5 Nbd7 7.Nxc4 Qc7 8.g3 e5
9.dxe5 Nxe5 10.Bf4 Nfd7 11.Bg2 f6 12.O-O Nc5 13.Nd2 Rd8 14.b4 Ne6 15.e4 Nxf4
16.gxf4 Bg4 17.Qc2 Ng6 18.e5 fxe5 19.fxe5 Qd7 20.Nc4 Nf4 21.Qe4 Nxg2 22.Rfd1 Bxd1
23.Nd6+ Bxd6 24.exd6+ Kf7 25.Rxd1 Rhe8 26.Qxg2 Qxd6  0-1

[Event "Berliner Sommer 16th"]
[Site "Berlin"]
[Date "1998.??.??"]
[Round "6"]
[White "Arkell, Keith C"]
[Black "Bedgarani, Ilgar"]
[Result "0-1"]
[WhiteElo "2475"]
[BlackElo "2385"]

1.d4 d5 2.c4 c6 3.Nf3 Nf6 4.Nc3 dxc4 5.a4 Bf5 6.Nh4 Bc8 7.e3 e5 8.Bxc4 exd4
9.exd4 Be7 10.O-O Nd5 11.Nf3 O-O 12.Ne5 Nb6 13.Bb3 Na6 14.Qh5 Nd5 15.Nxd5 cxd5
16.Nd3 Qb6 17.Bxd5 Qxd4 18.Nf4 Nb4 19.Rd1 Qf6 20.Bd2 a5 21.Ra3 Qf5 22.Qxf5 Bxf5
23.Re3 Bc5 24.Re5 Bc2 25.Ra1 Bd4 26.Re2 Nxd5 27.Nxd5 Bd3 28.Re7 Bxb2 29.Ra2 Bd4
30.Rxb7 Rfb8 31.Rc7 Rb1+ 32.Bc1 Re8 33.Ne3 f5 34.g3 Rxe3 35.fxe3 Rxc1+ 36.Rxc1 Bxe3+
37.Kg2 Bxc1 38.Ra1 Bd2 39.Rd1 Be4+ 40.Kf2 Bb4  0-1

[Event "Berliner Sommer 16th"]
[Site "Berlin"]
[Date "1998.??.??"]
[Round "8"]
[White "Ahlander, Bjorn"]
[Black "Schulz, Rainer"]
[Result "1-0"]
[WhiteElo "2410"]
[BlackElo "2290"]

1.d4 d5 2.c4 c6 3.Nc3 Nf6 4.Nf3 dxc4 5.a4 Bf5 6.e3 e6 7.Bxc4 Bb4 8.O-O Nbd7
9.Qe2 Ne4 10.Nxe4 Bxe4 11.Rd1 O-O 12.Bd3 Bxd3 13.Rxd3 c5 14.b3 cxd4 15.Bb2 Qe7
16.Rxd4 Nf6 17.Rc4 Rad8 18.Rac1 Bd6 19.g3 Ba3 20.Rc7 Rd7 21.Bxa3 Qxa3 22.Qb5 Rxc7
23.Rxc7 Nd5 24.Rxb7 Qc1+ 25.Kg2 Qc2 26.Ne1 Qd2 27.Kf1 Nc3 28.Qd3 Qb2 29.Qc2 Nxa4
30.Qxb2 Nxb2 31.Rxa7 g6 32.Ra2 Nd1 33.Rc2 Rd8 34.Ke2 Kf8 35.Nf3 e5 36.Nd2  1-0

[Event "Biel op"]
[Site "Biel"]
[Date "1998.??.??"]
[Round "9"]
[White "Sturua, Zurab"]
[Black "Tukmakov, Vladimir B"]
[Result "1/2-1/2"]
[WhiteElo "2595"]
[BlackElo "2610"]

1.d4 d5 2.c4 c6 3.Nf3 Nf6 4.Nc3 dxc4 5.a4 Bf5 6.e3 e6 7.Bxc4 Bb4 8.O-O Nbd7
9.Nh4 O-O 10.h3 Bg6 11.Nxg6 hxg6 12.Qc2 a5 13.Rd1 Qe7 14.b3 Rfd8 15.Bb2 Nd5
16.Na2 Bd6 17.e4 Nf4 18.g3 Nxh3+ 19.Kg2 Ng5 20.f4 Nh7 21.Rh1 Ndf8 22.Nc3 Bb4
23.Ne2 Rab8 24.e5 b5 25.Bd3 bxa4 26.bxa4 c5 27.Rad1 Rbc8 28.Ba6 Ra8 29.Bd3 Rac8
30.Ba6 Ra8 31.Bd3  1/2-1/2

[Event "Ciocaltea mem"]
[Site "Bucharest"]
[Date "1998.??.??"]
[Round "11"]
[White "Istratescu, Andrei"]
[Black "Nevednichy, Vladislav"]
[Result "1/2-1/2"]
[WhiteElo "2575"]
[BlackElo "2550"]

1.d4 d5 2.c4 c6 3.Nf3 Nf6 4.Nc3 dxc4 5.a4 Bf5 6.e3 e6 7.Bxc4 Bb4 8.O-O Nbd7
9.Qe2 Bg6 10.e4 O-O 11.e5 Nd5  1/2-1/2

[Event "Budapest FS09 IM-A"]
[Site "Budapest"]
[Date "1998.??.??"]
[Round "2"]
[White "Czebe, Attila"]
[Black "Jamrich, Gyorgy"]
[Result "1/2-1/2"]
[WhiteElo "2455"]
[BlackElo "2310"]

1.d4 d5 2.c4 c6 3.Nf3 Nf6 4.Nc3 dxc4 5.a4 Bf5 6.Ne5 e6 7.f3 c5 8.e4 cxd4
9.exf5 Nc6 10.Nxc6 bxc6 11.fxe6 fxe6 12.Bxc4 dxc3 13.bxc3 Nd5 14.Qd4 Qf6
15.Qxf6 gxf6 16.Bd2 Rb8 17.Ke2 Bd6 18.g3 Rb2 19.Rhc1 Be5 20.Kd1 Kf7 21.Ra2 Rhb8
22.Rxb2 Rxb2 23.f4 Bd6 24.Bd3 h5 25.Rb1 Rxb1+ 26.Bxb1 h4 27.Ke2 hxg3 28.hxg3 Nb6  1/2-1/2

[Event "Budapest FS09 IM-B"]
[Site "Budapest"]
[Date "1998.??.??"]
[Round "6"]
[White "Dudas, Janos"]
[Black "Farago, Sandor"]
[Result "1/2-1/2"]
[WhiteElo "2340"]
[BlackElo "2335"]

1.d4 d5 2.c4 c6 3.Nf3 Nf6 4.Nc3 dxc4 5.a4 Bf5 6.e3 e6 7.Bxc4 Bb4 8.O-O O-O
9.Qb3 Qe7 10.Bd2 Nbd7 11.Rac1  1/2-1/2

[Event "ARG-ch sf"]
[Site "Buenos Aires"]
[Date "1998.??.??"]
[Round "2"]
[White "Iglesias, Alejandro"]
[Black "Gomez Baillo, Jorge H"]
[Result "0-1"]
[WhiteElo "2235"]
[BlackElo "2440"]

1.d4 d5 2.c4 c6 3.Nf3 Nf6 4.Nc3 dxc4 5.a4 Bf5 6.Ne5 Nbd7 7.Nxc4 Qc7 8.g3 e5
9.dxe5 Nxe5 10.Bf4 Rd8 11.Qc1 Bd6 12.Nxd6+ Qxd6 13.Bg2 O-O 14.O-O Nfd7 15.a5 Qe6
16.Qe3 a6 17.Rfd1 f6 18.Bxe5 Qxe5 19.Qa7 Qc7 20.Rdc1 Qb8 21.Qd4 Ne5 22.Qb4 Rf7
23.Qf4 Be6 24.Na4 Bd5 25.Bh3 f5 26.Nc5 Qd6 27.Ra4 Qf6 28.Rb4 g5 29.Qe3 f4  0-1

[Event "Cannes op"]
[Site "Cannes"]
[Date "1998.??.??"]
[Round "6"]
[White "Pelletier, Yannick"]
[Black "Golubovic, Boris"]
[Result "1/2-1/2"]
[WhiteElo "2515"]
[BlackElo "2450"]

1.d4 d5 2.c4 c6 3.Nf3 Nf6 4.Nc3 dxc4 5.a4 Bf5 6.Ne5 Na6 7.e3 Nd7 8.Nxc4 e5
9.Nxe5 Nxe5 10.Bxa6 bxa6 11.dxe5 Bd3 12.Ne2 a5 13.Bd2 Qb6 14.Bc3 Rd8 15.Nd4 Ba6
16.Qf3 Rd5 17.Ne2 Bb4 18.O-O O-O 19.Bd4 Qb7 20.Rfc1 Bxe2 21.Qxe2 c5 22.Bc3 Bxc3
23.Rxc3 Rxe5 24.Qb5 Qc7 25.Rd1 g6 26.Rd7 Qb6 27.Rb7 Qd6 28.Rd3 Rd5 29.Rxd5 Qxd5
30.Rd7 Qe4 31.h3 Qb1+ 32.Kh2 Qc2 33.f3 h5 34.b3 Qc3 35.Re7 h4 36.Qc4 Qxc4
37.bxc4 Rb8 38.Rxa7 Rb4 39.Rxa5 Rxc4 40.Ra8+ Kg7 41.a5 Ra4 42.a6 Ra3 43.a7 Ra1
44.f4 c4 45.g4 hxg3+ 46.Kxg3 f5 47.h4 c3  1/2-1/2

[Event "Ceske Budejovice op"]
[Site "Ceske Budejovice"]
[Date "1998.??.??"]
[Round "?"]
[White "Lymar, Irina"]
[Black "Shurygin, Sergey"]
[Result "0-1"]
[WhiteElo "2225"]
[BlackElo "2305"]

1.d4 d5 2.Nf3 c6 3.c4 Nf6 4.Nc3 dxc4 5.a4 Bf5 6.Ne5 Na6 7.f3 Nd7 8.Nxd7 Bxd7
9.e4 e5 10.Be3 exd4 11.Qxd4 Be6 12.Qxd8+ Rxd8 13.Bxa7 Bc5 14.Bxc5 Nxc5 15.f4 f6
16.Rd1 Ke7 17.Be2 Rxd1+ 18.Kxd1 Ra8 19.Kd2 Nxa4 20.Ra1 Nb6 21.Rxa8 Nxa8 22.Ke3 Kd6
23.Kd4 c5+ 24.Ke3 Nc7 25.Bf3 b5 26.e5+ Ke7 27.g3 fxe5 28.fxe5 Bf5 29.g4 Bg6
30.h4 h6 31.Be4 Be8 32.Bc2 b4 33.Ne4 Bg6 34.h5 Nd5+ 35.Kf3 b3 36.Bxb3 Bxe4+
37.Kxe4 Nc3+ 38.bxc3 cxb3 39.Kd3 c4+  0-1

[Event "Chania op"]
[Site "Chania"]
[Date "1998.??.??"]
[Round "3"]
[White "Ruck, Robert"]
[Black "Bras, Emanouel"]
[Result "1-0"]
[WhiteElo "2450"]
[BlackElo "2125"]

1.d4 d5 2.c4 c6 3.Nf3 Nf6 4.Nc3 dxc4 5.a4 Bf5 6.e3 e6 7.Bxc4 Be7 8.O-O O-O
9.Qe2 Bg4 10.Rd1 Qa5 11.h3 Bxf3 12.Qxf3 Qh5 13.g4 Qh4 14.e4 Nbd7 15.Bf4 g5
16.Bh2 h5 17.Be2 hxg4 18.hxg4 Rfd8 19.Kg2 Qh6 20.Rh1 Qg7 21.Bc7 Rdc8 22.Bg3 Nf8
23.e5 Nd5 24.Rh5 Ng6 25.Nxd5 cxd5 26.Bd3 Rf8 27.Rah1 Rac8 28.Qd1 Rc6 29.Qb1 Nh4+
30.Bxh4 gxh4 31.Bh7+ Kh8 32.g5 Bxg5 33.Bg6+ Kg8 34.Rxg5 Qh6 35.Rg4 Rfc8 36.Rhxh4  1-0

[Event "CZE-ch U18"]
[Site "CZE"]
[Date "1998.??.??"]
[Round "?"]
[White "Sysel, Jaroslav"]
[Black "Isa, J."]
[Result "0-1"]
[WhiteElo "1935"]
[BlackElo "1770"]

1.d4 d5 2.c4 c6 3.Nc3 Nf6 4.Nf3 dxc4 5.a4 Bf5 6.Ne5 Nbd7 7.Nxc4 Qc7 8.g3 e5
9.dxe5 Nxe5 10.Bf4 Nfd7 11.Bg2 f6 12.O-O Nc5 13.e4 Bg6 14.Qe2 Rd8 15.Rad1 Rxd1
16.Rxd1 Be7 17.Bh3 Bf7 18.Bxe5 fxe5 19.Ne3 O-O 20.Nf5 Bf6 21.b4 Ne6 22.Qg4 Nd4
23.Ne2 h5  0-1

[Event "CZE-chT2 9798"]
[Site "CZE"]
[Date "1998.??.??"]
[Round "7.5"]
[White "Bretsnajdr, Vladimir"]
[Black "Masek, Miroslav"]
[Result "0-1"]
[WhiteElo "2285"]
[BlackElo "2160"]

1.Nf3 d5 2.d4 Nf6 3.c4 c6 4.Nc3 dxc4 5.a4 Bf5 6.e3 e6 7.Bxc4 Bb4 8.O-O Nbd7
9.Qb3 Qb6 10.Nh4 O-O 11.Nxf5 exf5 12.Na2 Bd6 13.Qc2 g6 14.b4 Qc7 15.g3 Nb6
16.Bd3 Nbd5 17.Qb3 h5 18.b5 h4 19.Kg2 hxg3 20.hxg3 Kg7 21.Nc3 Rh8 22.Nxd5 cxd5
23.Ba3 Bxa3 24.Qxa3 Ng4 25.Rh1 Rac8 26.Qa2 Qc3 27.Be2 Rxh1 28.Rxh1 Nf6 29.Rd1 Qc2
30.Rd2 Qe4+ 31.Bf3 Qe6 32.Rc2 Rd8 33.Rc7 g5 34.Kf1 f4 35.exf4 g4 36.Bg2 Qb6
37.Rc5 Qa5 38.Qc2 Qb4 39.Qd1 Re8 40.Rc1 a6 41.bxa6 bxa6 42.Kg1 Rb8 43.Bf1 a5
44.Bb5 Rh8 45.Be2 Re8 46.Rb1 Qc3 47.Rb3 Qc8 48.f3 gxf3 49.Bxf3 Qc4 50.Rd3 Qb4
51.Rd2 Re3 52.Kg2 Qc3 53.Rc2 Qb3 54.Rd2 Qa3 55.g4 Ne4 56.Bxe4 Rg3+ 57.Kf1 dxe4
58.Rg2 Rf3+ 59.Rf2 Rh3 60.Rg2 Qe3  0-1

[Event "Moravia-chT 9798"]
[Site "CZE"]
[Date "1998.??.??"]
[Round "8.4"]
[White "Knazovcik, Ladislav"]
[Black "Gibiec, Ernest"]
[Result "1/2-1/2"]
[WhiteElo "2255"]
[BlackElo "2280"]

1.c4 Nf6 2.Nf3 c6 3.Nc3 d5 4.d4 dxc4 5.a4 Bf5 6.Ne5 Na6 7.e3 Nb4 8.Bxc4 e6
9.O-O Be7 10.Qe2 Bg6 11.Rd1 Qc7 12.e4 Rd8 13.Bf4 Qa5 14.h3 O-O 15.g4 Nd7
16.Nxg6 hxg6 17.d5 e5 18.Be3 Nb6 19.dxc6 Nxc4 20.Qxc4 bxc6 21.Rac1 a6 22.Kg2 Rxd1
23.Rxd1 Rd8 24.Qe2 Qc7 25.Rd2 Qc8 26.Qd1 Rxd2 27.Qxd2 Qe6 28.Qd1 Kh7 29.b3 Kg8
30.Nb1 c5 31.Nc3 c4 32.Nd5 cxb3 33.Qxb3 Bf8 34.Bd2 Nc6 35.Qb6 Nd4 36.Qd8 Qd6
37.Qa8 Nc2 38.Qc8 Qc5 39.Qxa6 Qd4 40.Qe2 Qxa4 41.Bc3 Nd4 42.Qd3 Bc5 43.Qb1 Qa7
44.Qa1 Qb8 45.Bxd4 Bxd4 46.Qa3 Qb7 47.Qa4 Qb8 48.Ne7+ Kh7 49.Qc4 Qb7 50.Qxf7 Qxe4+
51.Kg3 Qd3+ 52.f3 Bf2+  1/2-1/2

[Event "Centrocoop June op-A"]
[Site "Eforie Nord "]
[Date "1998.??.??"]
[Round "?"]
[White "Solcanean, Serghei"]
[Black "Sandu, Cristian"]
[Result "1-0"]
[WhiteElo "2265"]
[BlackElo "2035"]

1.d4 d5 2.c4 c6 3.Nf3 Nf6 4.Nc3 dxc4 5.a4 Bf5 6.e3 e6 7.Bxc4 Bb4 8.O-O O-O
9.Nh4 Bg6 10.Nxg6 hxg6 11.Qb3 a5 12.Rd1 Nbd7 13.g3 Qc7 14.Bf1 e5 15.Bg2 exd4
16.exd4 Rad8 17.Bg5 Nb6 18.Rac1 Bxc3 19.bxc3 Rd7 20.Re1 c5 21.Bf4 Qd8 22.dxc5 Nbd5
23.Bd6 Rxd6 24.cxd6 Qxd6 25.Rcd1 Rd8 26.c4  1-0

[Event "Espoo We MatSK"]
[Site "Espoo"]
[Date "1998.??.??"]
[Round "3"]
[White "Kiltti, Jyrki"]
[Black "Issakainen, Ari"]
[Result "1-0"]
[WhiteElo "2190"]
[BlackElo "2235"]

1.d4 d5 2.c4 c6 3.Nf3 Nf6 4.Nc3 dxc4 5.a4 Bf5 6.Ne5 e6 7.Bg5 Bb4 8.e3 Qa5
9.Nxc4 Bxc3+ 10.bxc3 Qxc3+ 11.Nd2 Ne4 12.Rc1 Qa5 13.Bf4 O-O 14.Bd3 Nxd2 15.Qxd2 Qxd2+
16.Kxd2 Bxd3 17.Kxd3 Nd7 18.Rb1 b6 19.Rhc1 c5 20.Bd6 Rfd8 21.Be7 Re8 22.Bh4 f6
23.a5 e5 24.dxc5 Nxc5+ 25.Ke2 Re6 26.f3 e4 27.Bg3 Rae8 28.Rc3 R8e7 29.Bb8 f5
30.Rb5 Rg6 31.Kf2 Rd7 32.Rc2 Rd1 33.g3 Rd7 34.Kg2 exf3+ 35.Kxf3 Re6 36.Bxa7 Rde7
37.Bxb6 Nd3 38.Rc8+ Kf7 39.a6 Ne5+ 40.Rxe5 Rxe5 41.a7 Rxa7 42.Bxa7 g5 43.Bd4 Ra5
44.Rc5  1-0

[Event "FRA-chJM5"]
[Site "FRA"]
[Date "1998.??.??"]
[Round "8"]
[White "Gervais, Victor"]
[Black "Mullon, J Baptiste"]
[Result "1-0"]
[WhiteElo "2250"]
[BlackElo "2125"]

1.d4 Nf6 2.Nf3 d5 3.c4 c6 4.Nc3 dxc4 5.a4 Bf5 6.Ne5 e6 7.Bg5 Bb4 8.g4 Qd5
9.gxf5 Qxh1 10.Bxf6 gxf6 11.Nf3 Na6 12.Qc2 O-O-O 13.O-O-O e5 14.Ne4 exd4
15.Ng3 d3 16.Qxc4 dxe2 17.Rxd8+ Rxd8 18.Qxe2 Bd2+ 19.Kb1  1-0

[Event "NRW-Liga I 9899"]
[Site "GER"]
[Date "1998.??.??"]
[Round "4"]
[White "Gawehns, Klaus"]
[Black "Wessels, Marco"]
[Result "1-0"]
[WhiteElo "2410"]
[BlackElo "2270"]

1.d4 d5 2.Nf3 Nf6 3.c4 c6 4.Nc3 dxc4 5.a4 Bf5 6.e3 e6 7.Bxc4 Bb4 8.O-O Nbd7
9.Bd2 O-O 10.Qb3 a5 11.Rfd1 h6 12.Be1 Qc7 13.h3 Rae8 14.Rac1 e5 15.Ne2 Bxe1
16.Rxe1 e4 17.Nd2 Re7 18.Nc3 Nb6 19.Qa3 Qd7 20.Bf1 Nbd5 21.Nxd5 cxd5 22.Rc5 b6
23.Bb5 Qa7 24.Rc3 Be6 25.Rec1 Rd8 26.Qb3 g5 27.Qa3 Kg7 28.b4 axb4 29.Qxb4 Rb7
30.Nb1 h5 31.Na3 g4 32.Bc6 Rbb8 33.Nb5 Qa5 34.Qxa5 bxa5 35.Kh2 Rh8 36.h4 Rhc8
37.Rc5 Nd7 38.Bxd7 Bxd7 39.Nc7 Bxa4 40.Ne6+ fxe6 41.Rxc8 Rxc8 42.Rxc8 Bb3
43.Ra8 a4 44.Kg1 Kf6 45.Kf1 Bc4+ 46.Ke1 Bb5 47.Kd2 Bc6 48.Ra6 Bb5 49.Ra5 Be8
50.g3 Ke7 51.Kc3 Kd6 52.Kb4 Bd7 53.Ra8 Ke7 54.Kc5 Be8 55.Ra7+ Kf6 56.Kd6 Bg6
57.Rxa4 Be8 58.Ra8 Bg6 59.Rb8  1-0

[Event "BL2-W9798"]
[Site "Germany"]
[Date "1998.??.??"]
[Round "?.2"]
[White "Chuchelov, Vladimir"]
[Black "Summerscale, Aaron"]
[Result "1/2-1/2"]
[WhiteElo "2540"]
[BlackElo "2420"]

1.Nf3 d5 2.d4 Nf6 3.c4 c6 4.Nc3 dxc4 5.a4 Bf5 6.e3 e6 7.Bxc4 Bb4 8.O-O Nbd7
9.Nh4 O-O 10.f3 Qa5 11.Na2 Be7 12.e4 Bg6 13.Nxg6 hxg6 14.Kh1 Rad8 15.b4 Qh5
16.Be2 Qh4 17.Qe1 Qxe1 18.Rxe1 e5 19.dxe5 Nxe5 20.Be3 Nd3 21.Reb1 Nh5 22.Rb3 Bf6
23.Rab1 Nhf4 24.Bxd3 Nxd3 25.Bxa7 Ra8 26.Rxd3 Rxa7 27.Nc3  1/2-1/2

[Event "BL2-W9798"]
[Site "Germany"]
[Date "1998.??.??"]
[Round "?.2"]
[White "Lingnau, Carsten"]
[Black "Summerscale, Aaron"]
[Result "1/2-1/2"]
[WhiteElo "2425"]
[BlackElo "2420"]

1.Nf3 d5 2.d4 Nf6 3.c4 c6 4.Nc3 dxc4 5.a4 Bf5 6.Ne5 e6 7.f3 c5 8.e4 cxd4
9.exf5 Bb4 10.Bxc4 dxc3 11.Qxd8+ Kxd8 12.Ke2 cxb2 13.Bxb2 Ke7 14.fxe6 fxe6
15.Rhb1 a5 16.Ba3 Na6 17.Nd3 Nd5 18.Bxd5 exd5 19.Bxb4+ axb4 20.Nxb4 Nxb4
21.Rxb4 Ra7 22.Rab1 Rb8 23.Kd3 b6 24.Kd4  1/2-1/2

[Event "BL2-O9798"]
[Site "Germany"]
[Date "1998.??.??"]
[Round "5.7"]
[White "Fuss, Michael"]
[Black "Braun, Christian"]
[Result "1/2-1/2"]
[WhiteElo "2195"]
[BlackElo "2180"]

1.d4 d5 2.Nf3 c6 3.c4 Nf6 4.Nc3 dxc4 5.a4 Bf5 6.e3 e6 7.Bxc4 Bb4 8.O-O O-O
9.Qe2 Bg6 10.Ne5 Nbd7 11.Nxg6 hxg6 12.Rd1 Qa5 13.Bd2 Rad8 14.Na2 Bxd2 15.Qxd2 Qxd2
16.Rxd2 Nb6 17.Bb3 a5 18.Rad1 Nbd5 19.Nc1 Nb4 20.f3 Rc8 21.Ne2 Nd7 22.Nc3 Rfe8
23.Ne4 Red8 24.Nd6 Rb8 25.Nc4 Ra8 26.Nd6 Rab8 27.e4 Nb6 28.Nc4 Nxc4 29.Bxc4 Rbc8
30.Kf2 Kf8 31.f4 Ke7 32.g4 Rh8 33.Kg3 Rhd8 34.Kf3 Rd7 35.h4  1/2-1/2

[Event "Ruhr-ch Seniors 5th"]
[Site "Germany"]
[Date "1998.??.??"]
[Round "6"]
[White "Huisken, Matthias"]
[Black "Tsiperstein, Jakob"]
[Result "0-1"]
[WhiteElo "1760"]
[BlackElo "1980"]

1.d4 d5 2.c4 c6 3.Nf3 Nf6 4.Nc3 dxc4 5.a4 Bf5 6.e3 e6 7.Bxc4 Nbd7 8.O-O Qc7
9.Re1 Bb4 10.Bd2 Nb6 11.Qb3 a5 12.Rac1 Nxc4 13.Qxc4 Bxc3 14.Bxc3 O-O 15.Ne5 Rfd8
16.Qe2 Ne4 17.f3 Nxc3 18.Rxc3 f6 19.Nc4 Bg6 20.Kh1 Be8 21.Rec1 Rd5 22.Qf2 Rad8
23.b3 e5 24.dxe5 Rd1+  0-1

[Event "BL2-N9798"]
[Site "Germany"]
[Date "1998.??.??"]
[Round "7.2"]
[White "Pieniazek, Artur"]
[Black "Hector, Jonny"]
[Result "0-1"]
[WhiteElo "2415"]
[BlackElo "2470"]

1.d4 d5 2.c4 c6 3.Nf3 Nf6 4.Nc3 dxc4 5.a4 Bf5 6.Ne5 Nbd7 7.Nxc4 Qc7 8.g3 e5
9.dxe5 Nxe5 10.Bf4 Nfd7 11.Nxe5 Nxe5 12.Bg2 Rd8 13.Qc1 Bd6 14.O-O Qe7 15.Rd1 O-O
16.Ne4 Bb4 17.Bg5 f6 18.Bd2 a5 19.Bc3 Rxd1+ 20.Qxd1 Nf7 21.Qd4 Re8 22.Bxb4 axb4
23.Nc5 b6 24.Nd3 c5 25.Qd5 g6 26.Nf4 Rd8 27.Qc6 Rd6 28.Qa8+ Kg7 29.a5 bxa5
30.Qxa5 g5 31.Nd5 Qxe2 32.Qxc5 Qxb2 33.Re1 Qd2 34.Re7 Qd1+  0-1

[Event "NRW-Liga 9798"]
[Site "Germany"]
[Date "1998.??.??"]
[Round "8.1"]
[White "Teloeken, Andreas"]
[Black "Wessels, Marco"]
[Result "0-1"]
[WhiteElo "2165"]
[BlackElo "2265"]

1.Nf3 d5 2.d4 Nf6 3.c4 c6 4.Nc3 dxc4 5.a4 Bf5 6.e3 e6 7.Bxc4 Bb4 8.O-O O-O
9.Qe2 Bg6 10.Ne5 Nbd7 11.Nxg6 hxg6 12.Rd1 Qe7 13.e4 e5 14.d5 Nb6 15.Bb3 a5
16.Bg5 Bc5 17.h4 Bd4 18.Rd3 Qb4 19.Na2 Qd6 20.Rf3 cxd5 21.Bxf6 gxf6 22.exd5 f5
23.Nc3 e4 24.Rh3 Bxc3 25.bxc3 Nd7 26.Rb1 Ne5 27.Ba2 Nd3 28.Qe3 Rac8 29.c4 Qe5
30.g3 Rc7 31.f4 Qf6 32.Qb6 Qxb6+ 33.Rxb6 Nc1 34.Rh2 Rd8 35.d6 Rc5 36.Rxb7 Rxd6
37.Rc2 Nxa2 38.Rxa2 Rxc4 39.Rb5 Rd3 40.Kf2 Rf3+ 41.Kg2 Rcc3 42.Rxa5 Rxg3+
43.Kh2 Rh3+ 44.Kg2 Rcg3+ 45.Kf1 e3  0-1

[Event "BL2-O9798"]
[Site "Germany"]
[Date "1998.??.??"]
[Round "8.4"]
[White "Meister, Peter"]
[Black "Olbrich, Marina"]
[Result "1-0"]
[WhiteElo "2395"]
[BlackElo "2305"]

1.d4 d5 2.c4 c6 3.Nf3 Nf6 4.Nc3 dxc4 5.a4 Bf5 6.e3 e6 7.Bxc4 Bb4 8.O-O Nbd7
9.Bd2 a5 10.Qe2 Bg6 11.h3 O-O 12.Nh4 e5 13.Nxg6 hxg6 14.Bb3 exd4 15.exd4 Nb6
16.Bg5 Qd7 17.Bxf6 gxf6 18.Ne4 Qe7 19.Qg4 Kg7 20.Ng3 Kh7 21.Bc2 Rh8 22.Rad1 Nd5
23.Rd3 f5 24.Nxf5 Qe6 25.Rf3 Kg8 26.Qg5 Rh5 27.Nh6+ Kg7 28.Rxf7+ Qxf7 29.Nxf7 Rxg5
30.Nxg5 Re8 31.Ne4 Nf6 32.Ng3 Nh5 33.Nxh5+ gxh5 34.Bd1 h4 35.Bf3 Rd8 36.Rd1 Kf6
37.Kf1 Rd6 38.d5 cxd5 39.Rd4 Ke5 40.Rxh4 d4 41.Rh5+ Ke6 42.Rh6+ Ke5 43.Rxd6 Kxd6
44.Ke2 b6 45.Be4 Ke5 46.Bd3 Kf4 47.g3+ Kg5 48.f4+ Kh5 49.Be4 Kh6 50.g4 Bd6
51.Kf3 Be7 52.Bd3 Bh4 53.g5+ Kh5 54.Bb5 Kg6 55.Kg4 Be1 56.h4 Bf2 57.h5+ Kg7
58.h6+ Kg6 59.Bd3+ Kf7 60.g6+ Kf6 61.g7  1-0

[Event "Richardson Cup"]
[Site "Grangemouth"]
[Date "1998.??.??"]
[Round "4"]
[White "Muir, Andrew J"]
[Black "Bathie, Nicol"]
[Result "1-0"]
[WhiteElo "2305"]
[BlackElo "2290"]

1.d4 d5 2.Nf3 Nf6 3.c4 c6 4.Nc3 dxc4 5.a4 Bf5 6.e3 e6 7.Bxc4 Bb4 8.O-O h6
9.Qe2 Bh7 10.e4 O-O 11.e5 Nd5 12.Ne4 Nd7 13.Rd1 Qe7 14.Bd2 N7b6 15.Bb3 a5
16.Bxb4 Nxb4 17.Nd6 N6d5 18.g3 f5 19.Ne1 f4 20.Nc2 f3 21.Qd2 Bxc2 22.Bxc2 Nxc2
23.Qxc2 Qg5 24.Kh1 Qg4 25.Qe4 Rf4 26.Qd3 Nb4 27.Qc4 Nd5 28.Rd2 Rb8 29.Rg1 Rff8
30.Qc5 Qh3 31.Qc4 Qg4 32.Rd3 Nb4 33.Re3 Nd5 34.Re4 Qg5 35.Rd1 Qe7 36.Rd3 Nb6
37.Qb3 Qg5 38.Qxe6+ Kh7 39.Ree3  1-0

[Event "Helsinki op2"]
[Site "Helsinki"]
[Date "1998.??.??"]
[Round "5"]
[White "Veingold, Aleksandr"]
[Black "Sorri, Kari Juhani"]
[Result "1-0"]
[WhiteElo "2475"]
[BlackElo "2290"]

1.d4 d5 2.c4 c6 3.Nf3 Nf6 4.Nc3 dxc4 5.a4 Bf5 6.Ne5 Nbd7 7.Nxc4 Qc7 8.g3 e5
9.dxe5 Nxe5 10.Bf4 Nfd7 11.Bg2 Be6 12.Nxe5 Nxe5 13.O-O f6 14.Qc2 Qa5 15.Ne4 Bb4
16.Nd2 Qc5 17.Qxc5 Bxc5 18.Rfc1 Bd4 19.Rc2 a5 20.e3 Bb6 21.Bxe5 fxe5 22.Bxc6+ bxc6
23.Rxc6 Ke7 24.Rxb6 Rhb8 25.Rb5 Rxb5 26.axb5 a4 27.Ne4 Ra5 28.b4 Rxb5 29.Rxa4 Bd7
30.Ra7 Kd8 31.Nc5 Bc8 32.Rxg7 Rxb4 33.Rxh7 Rb5 34.Ne4 Bf5 35.Rh8+ Ke7 36.Ng5 Bd3
37.e4 Rb1+ 38.Kg2 Bf1+ 39.Kf3 Rb2 40.h4 Be2+ 41.Kg2  1-0

[Event "4 Landerkampf"]
[Site "Hessen"]
[Date "1998.??.??"]
[Round "2"]
[White "Wege, Jochen"]
[Black "Boehnisch, Manfred"]
[Result "0-1"]
[WhiteElo "2180"]
[BlackElo "2330"]

1.d4 d5 2.Nf3 Nf6 3.c4 c6 4.Nc3 dxc4 5.a4 Bf5 6.e3 e6 7.Bxc4 Bb4 8.O-O Nbd7
9.Bd2 a5 10.Re1 O-O 11.Nh4 Bg4 12.Be2 Bxe2 13.Qxe2 e5 14.Nf3 Re8 15.Red1 Qe7
16.Na2 e4 17.Ne1 Bd6 18.Nc2 Nd5 19.Na3 N7b6 20.Nc4 Nxa4 21.Bxa5 Bxh2+ 22.Kxh2 b5
23.Nc3 Naxc3 24.Bxc3 bxc4 25.Qxc4 Qd6+ 26.Kg1 h5 27.Be1 h4 28.Rxa8 Rxa8 29.Rc1 Rc8
30.Ra1 Qg6 31.Kf1 Re8 32.Qc5 Kh7 33.Qa7 Re6 34.Qd7 Qf5 35.Ra3 Kg6 36.Ke2 Nb6
37.Qa7 Qb5+ 38.Kd1 Nc4 39.Rc3 Nxb2+ 40.Kd2 Nd3 41.Qa2 Qg5 42.Qa8 Qb5 43.Qa2 Rf6
44.Qb3 Qf5 45.Rxd3 exd3 46.Qxd3 Qxd3+ 47.Kxd3 Kh5 48.Ke2 Rg6 49.Kf3 Rd6 50.Ke2 g5
51.f3 f5 52.Kd3 g4 53.fxg4+ fxg4 54.e4 h3 55.gxh3 gxh3 56.Bg3 Rg6 57.Be5 Rg2
58.d5 cxd5 59.exd5 Kg6 60.d6 Kf7  0-1